000 00892nam a2200253Ia 4500
003 OSt
005 20221005113411.0
006 a|||||r|||| 00| 0
007 ta
008 221004b |||||||| |||| 00| 0 pan d
020 _a8178838007 (hbk)
_c200
024 _a2439
037 _b190, 04/01/2013, Orange Books International
_cTextual
040 _aCRL
_cCRL
_bpan
041 _2pan
_apan
082 _aO153,1N30:g, Q1
100 _aਬ੍ਰਹਮਜਗਦੀF ਸਿੰਘ
245 0 _aਹਉ ਢਾਢੀ ਵੇਕਾਰੁ
260 _aਲੁਧਿਆਣਾ
_bਚੇਤਨਾ ਪ੍ਰਕਾFਨ ਭਾਰਤ
_c2011
300 _a158ਪੰ
_ccm.
650 _aਪੰਜਾਬੀ ਸਾਹਿਤ
942 _hO153,1N30:g, Q1
_cTEXL
_2cc
999 _c1028067
_d1028067